00550nam a2200193 a 4500001001300000003000900013005001700022008004100039020002600080082002100106100002100127245003000148260004900178300000900227500003500236505004000271650002400311700002100335nice12345678IN_TiNIC20260116013734.0050524s1995 alba grp 000 0 eng  a079144X c1137.700a306.4408956bATI aAtiyeh, George N aBook in the Islamic World aAlbany bState University of New York c1995 a305p aincludes index and biblioraphy2 aGlossary, Appendix and Bibliography aCulture-Middle East1 aAtiyeh, George N